000 00644nam a2200241Ia 4500
003 OSt
005 20221007082316.0
006 a|||||r|||| 00| 0
007 ta
008 221006b |||||||| |||| 00| 0 eng d
024 _a21,718
037 _cReference Collections
040 _aFLL
_cFLL
_beng
041 _2eng
_aeng
082 _aZ21:18q.N74t, L4
110 _aParliament of India
245 0 _aCentral & other societies (regulation) bill,1974
260 _c1974
300 _ax,132p
_ccm.
700 _aParliament of India
942 _hZ21:18q.N74t, L4
_cREF
_2CC
999 _c1166011
_d1166011